000
00353 a2200169 4500
001
184448
020
_a
040
_c
Magnum
100
_a
Dimenstein, Gilberto
240
1
0
_a
O mundo de rep
_l
por
245
1
0
_a
O mundo de rep
300
_a
31
362
0
_a
2002
440
1
_a
Melhoramentos
697
_a
LITERATURA INFANTO-JUVENIL
942
_c
BK
999
_c
184448
_d
184448